000 00577nam a2200169Ia 4500
005 20250508155417.0
008 008 250505s9999 xx 000 0 eng d
037 _aTextual
040 _aFEDL
_beng
_cFEDL
041 _aeng
_2eng
084 _a371.426, IND
_qFEDL
245 0 _aProceedings of the twelfth meeting of the all India council for technical education held at New Delhi on 13th April, 1959
245 0 _cIndia. Ministry of Scientific Research and Cultural Affaris
300 _a254p.
942 _cTEXL
_h371.426, IND
999 _c1356578
_d1356578